| 000 | 00623pam a2200205 a 4500 | ||
|---|---|---|---|
| 020 | _a0027896854 | ||
| 040 | _cDLC | ||
| 082 | 0 | 0 | _a551 DIL 1992 A025 Or. |
| 100 | 1 | _aTwist, Clint. | |
| 245 | 1 | 0 | _aHurricanes and storms / |
| 260 |
_aNew York : _bDillon Press, _c1992. |
||
| 300 |
_a45 p. : _bill. (some col.), col. maps ; _c30 cm. |
||
| 500 | _aIncludes index. | ||
| 520 | _aDescribes the characteristics of hurricanes and other kinds of storms, the damage they may cause, and possible protective measures. | ||
| 650 | 0 | _aHurricanes | |
| 650 | 0 | _aStorms | |
| 650 | 1 | _aHurricanes. | |
| 650 | 1 | _aStorms. | |
| 942 | _cEK | ||
| 999 |
_c13442 _d13442 |
||